The dimensions of parking

שמור ב:
מידע ביבליוגרפי
מחבר תאגידי: National Parking Association (Author)
פורמט: ספר
שפה:אנגלית
יצא לאור: Washington, D.C Urban Land Institute 2000
מהדורה:4a. ed
נושאים:
תגים: הוספת תג
אין תגיות, היה/י הראשונ/ה לתייג את הרשומה!

MARC

LEADER 00000nam a2200000 a 4500
001 UCI9256
003 CL-VaPUC
008 081030e20000000us |||||||||||||||||eng|d
020 |a 0874208270 
082 0 4 |a 725.38  |b NAT  |2 21 
110 2 |a National Parking Association  |e author  |9 532891 
245 1 4 |a The dimensions of parking 
250 |a 4a. ed 
300 |a 170 p 
942 |c BK 
945 |d 20081030 00:00:00  |a jtorresc 
260 |a Washington, D.C  |b Urban Land Institute  |c 2000 
650 7 |a ESTACIONAMIENTO DE AUTOMOVILES  |2 CL-VaPUC  |9 260814 
650 0 |a Automóviles  |9 260871 
650 0 |a Transporte urbano  |9 260307 
650 7 |a MEDIO AMBIENTE URBANO  |2 CL-VaPUC  |9 359720 
583 |a last modification  |c 20171221 11:15:02  |k Rodrigo Vera 
999 |c 331833  |d 331831 
952 |0 0  |1 0  |4 0  |6 725_380000000000000_NAT_2000  |7 0  |8 A  |9 418981  |a BIBING  |b BIBING  |d 2019-11-22  |i 4494644  |o 725.38 NAT 2000  |p 4494644  |r 2025-01-20  |w 2019-11-22  |y BK  |k TRA